000 03482nam a22011777a 4500
003 PE-LiUPU
005 20251002153800.0
008 230926b |||||||| |||| 00| 0 spa d
020 _a978-612-45748-4-9
040 _aPE-LiUPU
_bspa
_cPE-LiUPU
_dPE-LiUPU
_erda
082 _223
_a340.7
_bL864b
100 1 0 _aLopez Viera, José Reynaldo.
_92549
_d1984-
_eautor.
245 1 0 _aBalotario desarrollado de derecho constitucional, derecho procesal constitucional y derechos humanos /
_cJosé Reynado López Viera.
250 _aSegunda Edición
264 _aLima :
_bUbi Lex Asesores ,
_c2022.
300 _a454 páginas : :
_bIlustraciones, casos,;
_c24 centímetros.
500 _a"Examen para selección y nombramiento general de Jueces y Fiscales CNM"
504 _apáginas 451-454.
505 _aDerecho constitucional: teoría general de la constitución -- Derecho procesal constitucional: los procesos constitucionales y el precedente constitucional vinculante -- Los derechos humanos y el acceso a la jurisdicción internacional -- Banco de preguntas resuelto de los exámenes para el CNM en materia de derecho constitucional y procesal constitucional -- Banco de preguntas resuelto de los exámenes para el profa en materia de derecho constitucional, procesal constitucional y derechos humanos -- Ultimas sentencias y precedentes del tribunal constitucional.
526 _aP202
526 _aP201
526 _aP163
526 _aP162
526 _aP161
526 _aP160
526 _aP148
526 _aP147
526 _aP146
526 _aP145
526 _aP144
526 _aP143
526 _aP142
526 _aP141
526 _aP140
526 _aP139
526 _aP138
526 _aP137
526 _aP136
526 _aP135
526 _aP134
526 _aP133
526 _aP129
526 _aP128
526 _aP127
526 _aP120
526 _aP119
526 _aP118
526 _aP116
526 _aP115
526 _aP114
526 _aP110
526 _aP109
526 _aP108
526 _aP104
526 _aP103
526 _aP102
526 _aP99
526 _aP98
526 _aP97
526 _aP96
526 _aP95
526 _aP93
526 _aP90
526 _aP89
526 _aP88
526 _aP83
526 _aP82
526 _aP62
526 _aP59
526 _aP58
526 _aP57
526 _aP51
526 _aP49
526 _aP48
526 _aP47
526 _aP29
526 _aP24
526 _aP20
526 _aP19
526 _aP17
526 _aP15
526 _aP14
526 _aP12
526 _aP10
526 _aP09
526 _aP08
526 _aP07
526 _aP06
526 _aP05
526 _aP04
526 _aP01
556 _aE001-106-10444184961
_z978-612-45748-4-9
650 0 _aDerecho
_v-Preguntas y respuestas
_92553
650 0 _aDerecho procesal
_v-Preguntas y respuestas
_92554
650 0 _aDerecho constitucional
_vPreguntas y respuestas.
_92555
650 0 _aJueces
_x-Selección y nombramientos
_z-Perú
_92556
650 0 _aFiscales
_x-Selección y nombramientos
_z-Perú
_92557
942 _2ddc
_cBK
_n0
980 _621515
_aDIGNA BRAÑES Analista Documental
_818226
_gJaime Vilcazán Jefe de Análisis Documental
999 _c61970
_d61970